000 01909nam2a22002891 4500
001 rc\4936230
005 20250613043205.0
021 _aRU
_b[66-52124]
035 _a(NLR Aleph) 008947775
090 _a8983955
_c8983955
100 _a20130426d1966 |||y0rusy50 ca
101 0 _arus
102 _aRU
105 _ab z |||||
200 1 _aИркутская область и западная часть Бурятской АССР
_hЧ. 2
_iТемпература воздуха и почвы
210 _d1966
_aБ. м.
215 _a360 с., 1 л. карт.
_cкарт.
300 _aНа пер. загл. выпуска: Температура воздуха и почвы
461 0 _1001rc\4936122
_12001#$aСправочник по климату СССР$e[В 34 вып.]$eВып. 1-$fГл. упр. гидрометеорол. службы при Совете Министров СССР. Сев. упр. гидрометеорол. службы. Арханг. гидрометеорол. обсерватория$vВып. 22
_98983301
_cЛенинград
_d1965-
_fГл. упр. гидрометеорол. службы при Совете Министров СССР. Сев. упр. гидрометеорол. службы. Арханг. гидрометеорол. обсерватория
_nГидрометеоиздат
_o[В 34 вып.] : Вып. 1-
_tСправочник по климату СССР
_vВып. 22
517 0 _aТемпература воздуха и почвы
606 _aМетеорологические наблюдения
_yБурятская АССР
_jСправочники (вып. 22)
_2psbo
606 _aМетеорологические наблюдения
_yИркутская область
_jСправочники (вып. 22)
_2psbo
801 0 _aRU
_bNLR
_gpsbo
801 1 _aRU
_bELAR
_2rusmarc
852 _aNLR
_j65-7/228
942 _cBOOK
980 _aNB